| 000 | 01075cam a2200217 4500 | ||
|---|---|---|---|
| 001 | WB3630-19 | ||
| 008 | 000000n2000 000 0 eng u | ||
| 035 | _a(Sirsi) u107480 | ||
| 245 | _aProprietary estoppel | ||
| 260 | _c2000 | ||
| 490 |
_aEstates Gazette Case Summaries _v[2000] EGCS 95 (29 July 2000) |
||
| 520 | _a"James v Evans", CA 20 July 2000. Defendant successfully tendered for a farm tenancy and entered occupation. The owner died before a contract was signed, and his sister brought possession proceedings against the defendant. Defendant claimed because he had paid some rent and started work on the farm, a proprietary estoppel had arisen. Judge found all agreements were 'subject to contract' and therefore void. Defendant appealed. Appeal dismissed. | ||
| 590 | _aWB | ||
| 650 | _aJAMES V EVANS | ||
| 650 | _aPROPRIETARY ESTOPPEL | ||
| 650 | _aLAW OF PROPERTY (MISCELLANEOUS PROVISIONS) ACT 1989 | ||
| 650 | _aSUBJECT TO CONTRACT | ||
| 650 | _aAGRICULTURAL TENANCY | ||
| 690 | _aLANDLORD AND TENANT-AGRICULTURAL TENANCIES-CASE LAW | ||
| 942 | _n0 | ||
| 999 |
_c64245 _d64245 |
||